[Event "Sydney Cepacol"]
[Site "Sydney"]
[Date "1991.??.??"]
[Round "4"]
[White "Handoko, Edhi"]
[Black "Davidovic, Aleksandar"]
[Result "1/2-1/2"]
[WhiteElo "2390"]
[BlackElo "2425"]
[Annotator "Blatny,P"]
[PlyCount "62"]
[EventDate "1991.01.??"]
[EventType "tourn"]
[EventRounds "9"]
[EventCountry "AUS"]
[EventCategory "9"]
[SourceTitle "CBM 023"]
[Source "ChessBase"]
[SourceDate "1991.08.01"]
[SourceVersion "1"]
[SourceVersionDate "1991.08.01"]
[SourceQuality "1"]

1. e4 c5 2. c3 d5 3. exd5 Qxd5 4. d4 e6 5. Nf3 Nf6 6. Be2 Nc6 (6... cxd4 7.
cxd4 Be7 8. O-O O-O 9. Nc3 Qd6 10. Bg5 Nc6 11. Rc1 a6 12. Qd2 Rd8 $10 {
Brynell-Vogt,Tastrup 1990}) 7. O-O Be7 8. dxc5 (8. Be3 O-O 9. c4 Qf5 10. dxc5
Rd8 11. Nbd2 e5 $15 {O'Hara-Hartston,Barnsdale 1989}) (8. Re1 O-O 9. Na3 $6
cxd4 10. Bc4 Qa5 11. cxd4 Bxa3 $15 {Loebel-Trisic,Bargteheide 1989}) 8... Qxc5
9. Be3 Qa5 10. Nbd2 Qc7 11. Bg5 (11. Nc4 e5 $10) 11... O-O 12. Bd3 Nd5 13. Qc2
h6 14. Bxe7 Ncxe7 15. Rfe1 b6 16. Ne5 Bb7 17. Ndf3 Nc6 18. Rad1 Nxe5 19. Nxe5
Rad8 20. Qa4 Nf6 21. Qf4 Nd7 22. Ng6 Qxf4 23. Nxf4 Nc5 24. Bc2 Bc6 25. f3 Na4
$1 26. Bxa4 Bxa4 27. b3 Bc6 $10 28. Kf2 Rxd1 29. Rxd1 Rc8 30. Ke3 Kf8 31. c4
Ke7 1/2-1/2

[Event "Horgen CS"]
[Site "Horgen"]
[Date "1994.??.??"]
[Round "9"]
[White "Benjamin, Joel"]
[Black "Gavrikov, Viktor"]
[Result "1-0"]
[WhiteElo "2610"]
[BlackElo "2600"]
[Annotator "Blatny,P"]
[PlyCount "85"]
[EventDate "1994.09.??"]
[EventType "tourn"]
[EventRounds "11"]
[EventCountry "SUI"]
[EventCategory "16"]
[SourceTitle "CBM 043"]
[Source "ChessBase"]
[SourceDate "1994.12.01"]
[SourceVersion "1"]
[SourceVersionDate "1994.12.01"]
[SourceQuality "1"]

1. e4 c5 2. c3 Nf6 3. e5 Nd5 4. Nf3 Nc6 5. Bc4 $5 Nb6 6. Bb3 (6. Be2 d5 7. exd6
Qxd6 (7... e6 8. O-O Bxd6 9. d4 O-O 10. Bd3 (10. Bg5 $5 Qc7 11. Na3 $14 {
@ ץc8: Hracek-Greenfeld/Pardubice/1994/1/2-1/2/}) 10... g6 11. dxc5 Bxc5 12.
Qe2 Be7 13. Nbd2 Nd5 14. Nc4 Qc7 15. Be4 $14 {Adams-Tiviakov (14)/New York PCA
Wchqual/1994/}) 8. Na3 e5 9. O-O Be7 10. d3 O-O 11. Re1 Bf5 12. Be3 Rad8 $15 {
() Adams-Anand/London PCA 5'/1994/}) 6... d5 (6... c4 7. Bc2 g6 8. O-O (8. Na3
d6 $6 (8... d5) 9. Qe2 d5 10. h3 Bg7 11. O-O $5 Nd7 12. e6 fxe6 13. Ng5 $44 {
Adams-Gelfand (7)/Wijk aan Zee cm/1994/}) 8... Bg7 9. Re1 d6 10. exd6 Qxd6 11.
Na3 O-O 12. b3 Be6 13. Ng5 Bd5 14. Qg4 cxb3 15. axb3 h6 16. Ne4 Qd7 {+/=/=
Nunn-Kramnik/Monaco Amber blind/1994/}) 7. exd6 Qxd6 8. O-O (8. d4 cxd4 9. cxd4
Be6 10. Nc3 Bxb3 11. Qxb3 e6 12. O-O Be7 13. Nb5 Qd8 14. Bf4 O-O 15. Bc7 Qd7
16. Bxb6 axb6 17. Rfd1 Qd5 $1 {=/=/+ _|_ Lobron-Gruenfeld/New York op/1994/})
8... Be6 $6 (8... c4 $142 9. Bc2 Bg4 10. Re1 e6 11. h3 Bh5 12. b3 Bg6 13. Ba3
Qd5 14. Bxf8 Kxf8 15. Na3 Rd8 16. bxc4 Nxc4 17. Bb3 Bd3 18. Nxc4 Bxc4 19. d4
$10 {Nunn-Anand/Monaco Amber 25'/1994/}) 9. Na3 c4 10. Bc2 g6 (10... O-O-O 11.
b3 $1 {/\-><<}) 11. d4 cxd3 12. Nb5 $1 Qd7 13. Qxd3 Qxd3 14. Bxd3 $14 O-O-O 15.
Be2 a6 16. Nbd4 Nxd4 (16... Bd7 17. Ng5 $1 Nxd4 18. cxd4 Be8 19. Bf4 $1 {
/\Rac1+-}) 17. cxd4 $1 {<->c,/^h2-b8 עc8} f6 18. Bd2 Nd5 19. Rfe1 Kd7 20. Bd1
Bg7 21. Ba4+ Kd6 (21... b5 22. Bb3 Bf7 23. a4 $16) 22. Ba5 $1 $16 Rc8 (22... b6
$2 23. Nd2 $1) 23. Bb3 Rhe8 24. Bb4+ Nxb4 (24... Kd7 25. Rxe6 $1 Nxb4 $8 26.
Rb6 $18 {_|_}) 25. Rxe6+ Kc7 26. Ba4 b5 27. Bb3 Kd7 28. a3 Rc6 $1 29. Rae1 $1
Nd3 30. Rxc6 Kxc6 31. Re6+ Kd7 32. Rxa6 Nxb2 33. Bd5 Rb8 34. Bc6+ Kc7 35. d5 f5
36. Ng5 Bh6 37. Ne6+ Kd6 (37... Kc8 38. Ra7 $18) 38. f4 $1 {ץh6,Kd6} Nc4 39.
Bb7+ Kd7 40. Bc6+ Kd6 41. Bxb5+ Nb6 (41... Kxd5 $2 42. Nc7+ Kd4 (42... Kc5 $4
43. Rc6+ $18) 43. Ra4 Rxb5 44. Nxb5+ Kc5 45. Nc7 $18 {_|_}) 42. Bc6 Nxd5 $4 (
42... Nc4 $8 43. Bb7+ Kd7 44. Ra7 $1 Kd6 (44... Ke8 45. a4 Nd6 46. Ra8 Rxa8 47.
Bxa8 $18 {_|_}) 45. a4 {/\a5-a6,Ra8+- _|_}) 43. Bb7+ $18 1-0

[Event "EU-Cup 10th final"]
[Site "Lyon"]
[Date "1994.11.18"]
[Round "1"]
[White "Anand, Viswanathan"]
[Black "Malisauskas, Vidmantas"]
[Result "1-0"]
[WhiteElo "2720"]
[BlackElo "2510"]
[Annotator "Blatny,P"]
[PlyCount "59"]
[EventDate "1994.11.18"]
[EventType "team-k.o."]
[EventRounds "3"]
[EventCountry "FRA"]
[SourceTitle "EXT 2020"]
[Source "ChessBase"]
[SourceDate "2019.10.17"]
[SourceVersion "1"]
[SourceVersionDate "2019.10.17"]
[SourceQuality "1"]
[WhiteTeam "Lyon-Oyonnax Echecs"]
[BlackTeam "Vilnius Kaise"]
[WhiteTeamCountry "FRA"]
[BlackTeamCountry "LTU"]

1. e4 c5 2. c3 e6 3. d4 d5 4. exd5 (4. e5 {French Defence}) 4... exd5 (4...
Qxd5 5. Nf3 {B22 main line}) 5. Nf3 Nf6 (5... Nc6 $5 {/\Be6}) 6. Bg5 c4 {
:Bd3,/^b1-h7} (6... Be7 7. dxc5 Bxc5 8. Bb5+ Nc6 9. Qe2+ Be6 10. Nbd2 {/\Nb3,
Rd1 קd5}) 7. Nbd2 {/\b3[+]} Be7 8. g3 {/^h1-d5} Qb6 9. b3 cxb3 10. axb3 $14
Bf5 11. Bg2 Qe6+ (11... Bd3 12. Ne5 Ba6 13. Be3 {/\c4,0-0|^}) 12. Ne5 (12. Qe2
Qxe2+ (12... Bd3 13. Qxe6 fxe6 14. Ne5 Ba6 15. c4 $36) 13. Kxe2 $14 {קd5,<->a,
[+]}) 12... Nfd7 13. Bxe7 Nxe5 (13... Qxe7 14. O-O {/\N2f3} Nxe5 15. dxe5 $14)
14. O-O Kxe7 15. Re1 Nbc6 (15... f6 16. c4 $40 {><h1-a8}) 16. b4 $1 {<->e} Kf8
17. b5 Qd6 (17... Qd7 18. dxe5 (18. bxc6 $2 Nxc6 $15) 18... Ne7 $14) 18. dxe5
Nxe5 19. Nb3 Bg4 (19... Nd3 20. Re3 {קd5} Nc5 21. Nxc5 Qxc5 22. Qxd5 Qxd5 23.
Bxd5 $18 {_|_}) 20. Qd4 $5 (20. Qxd5 Qxd5 21. Bxd5 Nf3+ 22. Bxf3 Bxf3 23. Re3
Bg4 (23... Bd5 24. Nc5 $14 b6 $140 $2 25. Nd7+ Kg8 26. Nxb6 $1 axb6 27. Rxa8+
Bxa8 28. Re8#) 24. b6 a6 25. Nc5 Rb8 26. f3 $1 (26. Rae1 {/\Re7+/-}) 26... Bf5
(26... Bh3 27. g4 $18) 27. g4 Bc8 $8 28. Rd1 $1 g6 29. Nd7+ $1 Bxd7 30. Rxd7
Kg7 31. Ree7 $18 {_|_}) 20... Nf3+ 21. Bxf3 Bxf3 22. Nd2 $1 (22. Rxa7 $2 Rxa7
23. Qxa7 g5 $132 {/\Kg7,Qh6-h3-g2#} 24. Nd2 g4 25. Qd4 {/\c4,Nf3 +-}) 22... Bh5
23. Nc4 Qd8 24. Ne3 $18 {קd5} Bg6 25. Nxd5 h6 26. b6 $1 a6 (26... axb6 $2 27.
Nxb6 Rb8 28. Nd7+ $18) 27. Re7 Rb8 (27... Qxe7 28. Nxe7 Kxe7 29. Qc5+ $18) 28.
Rae1 Kg8 29. f4 Bf5 30. Rc7 (30. Rc7 Bg4 (30... Kh7 31. Rxf7) 31. Ne7+ Kh7 (
31... Kf8 32. Ng6+) 32. Qe4+ f5 (32... g6 33. Nxg6) 33. Nxf5 Bxf5 34. Qxf5+ Kg8
35. Ree7 Qd1+ 36. Kg2 Qd2+ 37. Kh3 $18) 1-0

[Event "Copenhagen K41"]
[Site "Copenhagen"]
[Date "1995.??.??"]
[Round "2"]
[White "Schandorff, Lars"]
[Black "Wang, Zili"]
[Result "0-1"]
[WhiteElo "2450"]
[BlackElo "2505"]
[Annotator "Blatny,P"]
[PlyCount "54"]
[EventDate "1995.06.??"]
[EventType "tourn"]
[EventRounds "9"]
[EventCountry "DEN"]
[EventCategory "10"]
[SourceTitle "CBM 048"]
[Source "ChessBase"]
[SourceDate "1995.10.01"]
[SourceVersion "1"]
[SourceVersionDate "1995.10.01"]
[SourceQuality "1"]

1. e4 {Baburin} c5 2. c3 Nf6 3. e5 Nd5 4. Nf3 Nc6 5. d4 cxd4 6. cxd4 d6 7. Bc4
Nb6 8. Bb3 (8. Bb5 dxe5 (8... d5 9. h3 Bf5 10. Nc3 e6 $10 {0-1 Meyer,In-Meyer,
In/RLPF-ch Manderscheid (02) ;GER 05 1989 (24)}) 9. Nxe5 Bd7 10. Nc3 (10. Bxc6
Bxc6 11. Nxc6 bxc6 12. O-O $14 {0-1 Martinez Semprun,F-Komljenovic,D/Linares
op (06) ;TD 94\02 1994 (30)}) 10... e6 11. O-O Be7 12. Be3 O-O 13. Nxd7 Qxd7
14. Qf3 Nxd4 15. Bxd4 Qxd4 16. Qxb7 Bb4 17. Rac1 Bxc3 18. bxc3 Qc5 $10 {
Seyffer,B-Fauth,D/BL2-S 8990 (1989) ;BL2 1990/1/2-1/2 (60)}) 8... d5 (8... dxe5
9. Nxe5 (9. d5 Na5 10. Nc3 Nxb3 11. Qxb3 e6 12. Nxe5 Bd6 (12... Nxd5 13. Qb5+
Bd7 14. Qxb7 Nxc3 15. bxc3 Qc8 16. Qf3 f6 17. Nxd7 Kxd7 18. O-O $40 {1-0
Yagupov,I-Tratar,M/Groningen op (07) ;EXP 38 1993 (23)}) 13. Qb5+ Kf8 (13...
Ke7 14. dxe6 Bxe6 15. Bf4 Bxe5 16. Qxe5 f6 17. Qe4 $44 {Yagupov,I-Savchenko,S/
St.Petersburg op ;TD 93\09 1993/1/2-1/2 (48)}) 14. Bf4 exd5 15. O-O Be6 16.
Rad1 f6 17. Nd3 Kf7 $13 {Rausis,I-Gschnitzer,O/BL2-S 9394 (1994) ;BL2 1994/1/
2-1/2 (58)}) (9. dxe5 Qxd1+ 10. Bxd1 Bf5 11. Nc3 e6 12. O-O Bb4 $10 {1/2-1/2
Hoehn,M-Strube,F/Hessen qual-C (09) ;GER 02 1988 (26)}) 9... Nxe5 10. dxe5
Qxd1+ 11. Bxd1 (11. Kxd1 Bg4+ 12. f3 O-O-O+ 13. Ke2 $14 {1-0 Ermekov,A-Mont
Reynaud,J/WchJ-U12 Szeged (08) ;TD 94\01 1994 (34)}) 11... Nc4 12. f4 Bd7 13.
Be2 Rc8 14. Nc3 e6 15. O-O Bb4 $15 {0-1 Tenyi,J-Amrein,R/HUN-chT 9293 ;TD
93\08 1993 (33)}) (8... g6 9. Ng5 d5 10. f4 Bg7 11. Nc3 f6 $13 {1-0 Karpatchev,
A-Gunnarsson,A/Gausdal International (08) ;TD 93\09 1993 (30)}) (8... Na5 9.
Ng5 Nxb3 10. Qxb3 e6 11. O-O Be7 12. Qg3 d5 13. Nf3 Kf8 14. Nc3 $36 {Roeder,
G-Gruenberg,Ra/BL 8586 (1986) ;BL 1986/1/2-1/2 (88)}) 9. Be3 {Baburin White
played an unusual move, 8.Bb3 instead of the standard 8.Bb5 and Black got a
positon characteristic of the French Defence with one very important
difference: he can bring his potentially bad light squared B out.} (9. Nh4 e6 (
9... a5 10. Nc3 e6 11. Nf3 Be7 12. h4 Bd7 13. Bc2 Nc4 14. a4 Qb6 $15 {Blauert,
J-Sulava,N/Berlin op (04) ;TD 88\08 1988/0-1 (59)}) 10. Nf3 Be7 11. Nc3 f6 (
11... Bd7 12. h4 a6 13. Qd2 Qc7 14. Qf4 f5 15. O-O O-O-O $132 {1/2-1/2 Rahls,
P-Heinbuch,D/BL 8788 (1987) ;BL 1988 (40)}) 12. exf6 Bxf6 13. Be3 Bd7 14. O-O
O-O 15. Rc1 Be8 16. Ne2 Bh5 17. Nf4 Bxf3 18. Qxf3 Bxd4 19. Qg4 Qd7 20. Qxe6+
Qxe6 21. Nxe6 $132 {Held,P-Fauth,D/OLWuert 9192 (1991) ;GER 01 1992/1/2-1/2 
(40)}) (9. h3 Bf5 10. Nc3 e6 11. O-O Be7 12. Be3 O-O 13. Nh2 $14 {Rahls,
P-Kaiser,W/BL 8586 (1986) ;BL 1986/0-1 (38)}) 9... Bf5 (9... Bg4 10. h3 Bh5 11.
g4 Bg6 12. e6 f6 13. Nc3 Qd6 14. a4 Qxe6 15. a5 Nd7 16. Nxd5 $13 {1/2-1/2 Zuse,
P-Arnold,L/Mannheim BM (05) ;GER 04 1990 (32)}) 10. Nh4 Bxb1 (10... Bg6 11. f4
$40) 11. Rxb1 e6 12. Nf3 Bb4+ 13. Kf1 (13. Bd2 Bxd2+ 14. Qxd2 O-O 15. O-O $14)
13... O-O {Baburin Now Black has only good pieces left and obtains promising
play.} 14. Ng5 h6 15. h4 Ne7 (15... hxg5 16. hxg5 {/\Qh5->}) 16. Nf3 f5 17.
exf6 Rxf6 18. g4 $6 Nc4 19. Kg2 Nxe3+ 20. fxe3 Qd6 21. Qd3 Raf8 22. Rbf1 Nc6
23. h5 R8f7 24. Nh4 $2 Be1 $1 25. Rxf6 (25. Rf4 Rxf4 26. exf4 Qxf4 $19) 25...
Qg3+ 26. Kf1 Rxf6+ 27. Ke2 Nb4 0-1

[Event "ARG-ch"]
[Site "Argentina"]
[Date "1995.??.??"]
[Round "10"]
[White "Gomez Baillo, Jorge H"]
[Black "Spangenberg, Hugo"]
[Result "1-0"]
[WhiteElo "2420"]
[BlackElo "2490"]
[Annotator "Blatny,P"]
[PlyCount "51"]
[EventDate "1995.??.??"]
[EventType "tourn"]
[EventRounds "15"]
[EventCountry "ARG"]
[EventCategory "9"]
[SourceTitle "CBM 049"]
[Source "ChessBase"]
[SourceDate "1995.12.01"]
[SourceVersion "1"]
[SourceVersionDate "1995.12.01"]
[SourceQuality "1"]

1. e4 c5 2. c3 d5 3. exd5 Qxd5 4. d4 Nf6 5. Nf3 cxd4 $6 (5... g6 6. Be2 Bg7 7.
O-O O-O 8. Re1 cxd4 9. cxd4 Nc6 10. Nc3 Qd8 11. h3 $14 {Ristic,Nen-Kosic,D/
JUG-chT (Cetinje)/1993/}) (5... Bf5 $6 6. Qa4+ Nfd7 7. Bc4 Qc6 (7... Qe4+ 8.
Be3 {/\Nd2+/- @}) 8. Qb3 e6 9. d5 Qb6 $8 10. dxe6 Bxe6 11. Bxe6 Qxe6+ 12. Qxe6+
fxe6 13. Ng5 $14 {Janovsky,S-Berdullas,J/Oviedo 45' (07) ;TD 92\09/1992/}) 6.
cxd4 g6 (6... e6 7. Nc3 Qd6 (7... Qd8 8. Bd3 Be7 9. O-O O-O 10. Bf4 Nc6 11. Rc1
Nb4 12. Bb1 Nbd5 13. Be5 $14 {Weisskopf,D-Jonas,B/RLNS 8889;BIG/1989/}) 8. Ne5
a6 9. Bg5 Be7 10. Rc1 O-O 11. Nc4 $5 $36 {Wempe,J-Kruszynski,W/Giessen op/1993/
}) (6... a6 7. Nc3 Qd6 8. g3 b5 9. Bg2 Bb7 10. O-O e6 11. Bf4 Qb6 12. a4 b4 13.
a5 Qd8 14. Na4 $14 Qxa5 $140 $2 15. Nc5 Qb5 16. Nxb7 Qxb7 17. Bxb8 Rxb8 (17...
Qxb8 $2 18. Ne5 Nd5 19. Qa4+ $18) 18. Ne5 Nd5 $8 19. Qa4+ Qb5 20. Qxb5+ Rxb5 (
20... axb5 21. Bxd5 exd5 22. Rfe1 $18) 21. Rxa6 Be7 (21... f6 22. Ra8+ (22.
Rxe6+ {_|_}) 22... Ke7 23. Ra7+ Ke8 24. Rc1 Rb8 25. Bxd5 exd5 26. Nc6 $18) 22.
Ra8+ Bd8 23. Rxd8+ Kxd8 24. Nxf7+ Ke7 25. Nxh8 Rb8 26. Bxd5 exd5 27. Re1+ Kf6
28. Re5 $18) 7. Nc3 $32 Qd8 8. Bc4 Bg7 9. Qa4+ $1 Nbd7 (9... Nc6 $2 10. d5 $18)
(9... Bd7 $142 10. Qb3 O-O 11. Ne5 $1 $16 (11. Qxb7 Bc6 $132)) 10. Bxf7+ $1
Kxf7 11. Ng5+ (11. Qc4+ $2 e6 12. Ng5+ Ke8 {/\Qe7}) 11... Ke8 12. Ne6 Qb6 13.
Qc4 $1 $18 Nh5 (13... Rb8 14. Nxg7+ Kf8 15. Ne6+ Ke8 16. O-O $18) 14. Nb5 Nf8 (
14... Rb8 15. Nbc7+ Kf7 16. Ng5+ Kf6 17. Qf7#) 15. Nbc7+ Kd7 (15... Kf7 16.
Ng5+ Kf6 17. Qf7#) 16. d5 Nxe6 17. dxe6+ Kd8 18. Bf4 (18. Nxa8 $2 Qxe6+ 19.
Qxe6 Bxe6 20. O-O Kd7 21. Rd1+ Kc6 22. Re1 Bd7 $17 {_|_}) 18... Nxf4 (18...
Qa5+ 19. Kf1 Be5 (19... Bd7 20. Rd1 $18) 20. Bxe5 $18) 19. Rd1+ Qd6 20. Rxd6+
exd6 21. e7+ $1 (21. Qxf4 Kxc7 22. Qf7+ Kc6 23. Qxg7 Bxe6 24. Kd2 $18) (21.
Nxa8 Nxe6 22. O-O $18) 21... Kxe7 22. Qxf4 Bf5 (22... Rb8 23. Nd5+ Ke6 24. Qe4+
Be5 25. f4) 23. Nxa8 Rxa8 24. O-O h5 25. Re1+ Be5 26. Qb4 1-0

[Event "Pamplona 9495 5th"]
[Site "Pamplona"]
[Date "1994.??.??"]
[Round "?"]
[White "Magem Badals, Jordi"]
[Black "Comas Fabrego, Luis"]
[Result "1-0"]
[WhiteElo "2520"]
[BlackElo "2490"]
[Annotator "Blatny,P"]
[PlyCount "67"]
[EventDate "1994.12.??"]
[EventType "tourn"]
[EventRounds "9"]
[EventCountry "ESP"]
[EventCategory "13"]
[SourceTitle "CBM 046"]
[Source "ChessBase"]
[SourceDate "1995.06.01"]
[SourceVersion "1"]
[SourceVersionDate "1995.06.01"]
[SourceQuality "1"]

1. e4 c5 2. c3 e6 (2... Nf6 3. e5 Nd5 4. d4 cxd4 {-> ChassBase:Alapin diskette}
) 3. d4 d5 4. exd5 exd5 (4... Qxd5 {-> 1.e4 c5 2.c3 d5 3.ed Qd5 4.d4 e6}) 5.
Be3 Nd7 (5... c4 {/\()<<}) 6. dxc5 Nxc5 (6... Bxc5 7. Bxc5 {קd5,Bc8}) 7. Bb5+
(7. Be2 Nf6 8. Nf3 Bd6 9. O-O Bg4 $13) 7... Bd7 $8 8. Qe2 Bxb5 (8... Ne6 9. Nf3
$14) 9. Qxb5+ Qd7 10. Na3 (10. Qe2 Ne6 $132) 10... a6 11. Qxd7+ {/\+/= _|_קd5}
(11. Qe2 O-O-O $5) 11... Nxd7 12. Nc2 Ngf6 13. O-O-O {<->d,e} (13. Nf3 {
/\0-0 -> ׫}) 13... Bc5 14. Ne2 (14. Bxc5 Nxc5 15. Nf3 Nce4 16. Rhe1 O-O 17.
Re2 $14) 14... O-O-O 15. Nf4 {/\Nd5} (15. Bxc5 Nxc5 16. Nf4 $14) 15... Bxe3+
16. Nxe3 Nb6 {קd5} 17. Rhe1 Rd7 (17... g5 {/\Rae8}) 18. h4 $14 {/\h5()} (18.
Rd2 Rhd8 19. Red1 g5 {/\Nc4}) 18... h5 19. f3 {/\g4-g5,קd5} (19. Rd4 {/\a4}
Re8 {/\Re4}) 19... Kd8 (19... g6 $5) 20. Nc2 Re8 21. Rxe8+ Kxe8 22. b3 {
/\a4-a5,קd5} Na8 23. Ne3 Nc7 24. g4 $16 hxg4 25. fxg4 Re7 (25... Ne4 26. Nfxd5
Nxd5 27. Nxd5 $18) 26. Nexd5 Ncxd5 27. Nxd5 Nxd5 28. Rxd5 Re2 29. a4 Rh2 30. h5
Re2 31. Rg5 Kf8 32. Rc5 {/\קb7} Re4 33. g5 Rh4 34. Rc8+ (34. Rc8+ Ke7 35. h6
gxh6 36. gxh6 Rxh6 37. Rc7+ $18) 1-0

[Event "Vinkovci"]
[Site "Vinkovci"]
[Date "1995.??.??"]
[Round "?"]
[White "Stevic, Hrvoje"]
[Black "Kurajica, Bojan"]
[Result "1-0"]
[WhiteElo "2300"]
[BlackElo "2585"]
[Annotator "Blatny,P"]
[PlyCount "49"]
[EventDate "1995.04.??"]
[EventType "tourn"]
[EventRounds "11"]
[EventCountry "CRO"]
[EventCategory "9"]
[SourceTitle "CBM 048"]
[Source "ChessBase"]
[SourceDate "1995.10.01"]
[SourceVersion "1"]
[SourceVersionDate "1995.10.01"]
[SourceQuality "1"]

1. e4 c5 2. c3 d5 3. exd5 Qxd5 4. d4 Nf6 5. Nf3 Bg4 6. Qa4+ (6. Nbd2 cxd4 7.
Bc4 Qd8 (7... Qh5 8. Qb3 Nbd7 9. cxd4 Nb6 10. Bb5+ Bd7 11. Ne5 e6 12. g4 Nxg4
13. Nxd7 O-O-O 14. Qc3+ {1-0 Knazovcik,L-Voboril,P/CZE-chT 9394 (02) ;TD 94\03
1994}) 8. Qb3 e6 9. Qxb7 Nbd7 10. Nxd4 Bc5 11. Nc6 Qc8 12. Ba6 O-O 13. b4 Bd6
14. Qxc8 Raxc8 15. Bxc8 Rxc8 $18 {Rovid,K-Boronyak,A/HUN-chT 9192 ;TD 92\10
1991/1-0 (46)}) (6. Be2 e6 (6... cxd4 7. cxd4 e6 8. Nc3 Qa5 9. O-O Nc6 10. Qb3
Qb4 11. Rd1 Qxb3 12. axb3 $15 {Dahl,I-Bern,I/Gausdal Arnold-Cup (02) ;TD 90\05
1990/0-1 (42)}) 7. Na3 (7. h3 Bh5 8. O-O Be7 9. c4 Qd6 10. Nc3 O-O 11. dxc5
Qxc5 12. Be3 $14 {Rozentalis,E-Gavrikov,V/URS-FL56 Klaipeda++ ;CBM 11 1988/1/
2-1/2 (42)}) (7. O-O Nc6 8. h3 Bh5 9. Be3 cxd4 10. cxd4 (10. Nxd4 Bxe2 11. Qxe2
Be7 12. Nb5 Qd8 13. Rd1 Qb8 14. Nd2 O-O 15. Nf3 Nd5 16. Nbd4 Nxd4 17. Bxd4 $14
{Waller,H-Loginov,V/Zalakaros op (03) ;TD 91\05 1991/0-1 (52)}) 10... Be7 11.
Nc3 Qd6 12. Nb5 (12. Qb3 O-O 13. Rfd1 Rfd8 14. Rac1 a6 15. Na4 b5 16. Nc5 $14 {
Troltenier,D-Werner,D/BL2-SW 8889 (1989) ;BL2 1989/1-0 (82)}) 12... Qd8 13. Ne5
Bxe2 14. Qxe2 Nb4 $10 {Kauschmann,H-Bachmann,A/Berlin-ch ;TD 87\04 1987/1/2-1/
2 (40)}) (7. Be3 Nc6 8. dxc5 Qxd1+ 9. Bxd1 Be7 10. h3 Bf5 11. Ba4 $14 {Szabo,
G-Chanda,S/WchJM U10 Bratislava (04) ;TD 93\05 1993/1-0 (71)}) (7. c4 Qd7 8.
Ne5 Bxe2 9. Qxe2 Qxd4 10. Nc3 Nc6 11. Nxc6 bxc6 12. O-O Be7 13. Rd1 $14 {
1-0 Werner,C-Meyer,W/Badenweiler op (04) ;GER 04 1985 (35)}) 7... a6 (7... Nc6
8. O-O (8. h3 Bh5 9. Be3 cxd4 10. Nb5 Rc8 11. Nbxd4 a6 12. O-O Be7 13. c4 Qd6
14. Nxc6 Qxd1 15. Bxd1 bxc6 16. Ne5 $14 {Hansen,LB-Schandorff,L/Farum (03) ;TD
93\09 1993/1-0 (40)}) (8. Nb5 Qd8 9. dxc5 Bxc5 10. Bf4 Nd5 11. Bg3 O-O 12. O-O
a6 13. Nbd4 Nxd4 14. Nxd4 Bxe2 15. Nxe2 Qb6 $10 {1-0 Baron-Pereda/ESP-chJ (06)
;TD 92\09 1992 (30)}) 8... cxd4 (8... Be7 9. Nc2 Qd8 10. Bg5 O-O 11. dxc5 Bxc5
12. Ne3 $14 {1-0 Lohou-Cladouras,P/Clichy op (08) ;TD 91\02 1991 (22)}) 9. Nb5
Rc8 10. Nbxd4 Nxd4 11. Nxd4 Bxe2 12. Qxe2 Be7 13. Rd1 a6 14. Bf4 O-O 15. Nf3
Qf5 16. Bg3 Rfd8 $10 {1/2-1/2 Acs,P-Munizaba,S/WchJM U12 Bratislava (11) ;TD
93\05 1993 (22)}) (7... Be7 8. Nc4 Qd8 9. Nce5 O-O 10. Nxg4 Nxg4 11. O-O Nc6
12. Qa4 cxd4 13. Nxd4 Nxd4 14. Bxg4 $14 {Vogt,L-Kratochwil,C/Baden Baden op 
(09) ;TD 93\06 1993/1-0 (41)}) (7... Qd8 8. Qb3 Qc8 9. Bb5+ Nc6 10. Ne5 cxd4
11. Qa4 a6 12. Bxc6+ bxc6 13. cxd4 Bf5 14. f3 Nd5 15. g4 Bg6 16. Bd2 f6 17.
Nxg6 hxg6 18. Nc4 Rh3 $15 {Vasiukov,E-Petursson,M/Moscow-A ;TD 87\01 1987/0-1 
(59)}) (7... cxd4 8. Nb5 Na6 9. Nbxd4 e5 10. Qa4+ Bd7 11. Nb5 Be7 12. Qxa6 $14
{1-0 Peptan,C-Ionescu Ilie,V/Timisoara ztW-A (02) ;TD 93\02 1993 (26)}) 8. Nc2
cxd4 9. Ncxd4 Bc5 (9... Be7 10. h3 Bh5 11. O-O O-O 12. Qb3 Qxb3 13. axb3 Nbd7
14. b4 Nd5 15. Re1 $14 {Lane,G-Bener/Cappelle op ;TD 89\04 1989/1-0 (81)}) 10.
O-O O-O 11. h3 Bh5 12. c4 Qd6 13. Nb3 $14 {Thiemonds,U-Kesseler,H/NWL-II 8990 
(1989) ;BIG 1990/1-0 (51)}) 6... Nc6 (6... Nbd7 7. Be3 Bxf3 8. gxf3 cxd4 9.
cxd4 e6 10. Nc3 Qf5 11. Rg1 $13 {Sveshnikov,E-Madsen,D/Gausdal International 
(07) ;TD 92\08 1992/1-0 (41)}) 7. Bc4 $5 Qe4+ 8. Be3 Bxf3 9. Nd2 $1 Bd1 $1 10.
Rxd1 Qxg2 11. Ke2 $8 cxd4 12. cxd4 e6 13. Nf3 {/\פc6} Qg4 14. Bb5 $36 Nd7 15.
Bxc6 bxc6 16. Qxc6 Rd8 (16... Rb8 17. b3 {/\Rg1,Ne5}) 17. Rhg1 Qf5 18. Rg5 Qh3
19. Rdg1 h6 20. Rb5 $1 g5 21. Ne5 f6 22. Nxd7 Rxd7 23. Rb7 Rhh7 24. Rb8+ Ke7
25. Qc5+ 1-0

[Event "Tilburg"]
[Site "Tilburg"]
[Date "1994.??.??"]
[Round "2"]
[White "Sveshnikov, Evgeny"]
[Black "Akopian, Vladimir Eduardovic"]
[Result "1/2-1/2"]
[WhiteElo "2585"]
[BlackElo "2630"]
[Annotator "Blatny,P"]
[PlyCount "124"]
[EventDate "1994.09.??"]
[EventType "k.o."]
[EventRounds "7"]
[EventCountry "NED"]
[SourceTitle "CBM 044"]
[Source "ChessBase"]
[SourceDate "1995.02.01"]
[SourceVersion "1"]
[SourceVersionDate "1995.02.01"]
[SourceQuality "1"]

1. e4 c5 2. c3 Nf6 3. e5 Nd5 4. Nf3 {4.d4 -> Alapin disk} e6 5. Bc4 d6 (5...
Nb6 6. Bb3 (6. Be2 Nc6 7. d4 cxd4 8. cxd4 d6 9. O-O dxe5 10. dxe5 Qc7 (10...
Qxd1 11. Rxd1 $14 {פb6,Bc8}) 11. Nc3 $5 (11. Bf4 Nd5 (11... Be7 12. Nc3 {
/\Nb5;Ne4->}) 12. Bg3 $14) 11... Nxe5 12. Nb5 $44) 6... d5 7. d4 (7. exd6 $10)
7... Nc6 8. Bg5 $14) 6. d4 (6. O-O dxe5 7. Nxe5 Nd7 8. d4 Nxe5 9. dxe5 Nb6 10.
Qxd8+ Kxd8 11. Rd1+ Kc7 $10) 6... cxd4 7. cxd4 Nc6 8. O-O Nb6 (8... Be7 9. Qe2
O-O 10. Bd2 {/\Nc3+/= Blatny,P-Lerner,K/Wien op/1994/}) 9. Bd3 (9. Bb5 $5) 9...
Nb4 (9... dxe5 10. dxe5 Nb4 11. Be4 Qxd1 12. Rxd1 f5 13. exf6 gxf6 14. Nc3 f5
15. Bb1 $16 {Blatny,P-Fernandes,A/Debrecen EU-tch/1992/}) 10. Be2 (10. Be4 d5
$10) 10... dxe5 11. Nxe5 (11. dxe5 Qxd1 12. Bxd1 Bd7 $13) 11... Nc6 12. Bb5 (
12. Nxc6 bxc6 13. Bf3 Nd5 {+/=/=}) 12... Bd7 13. Nc3 Be7 (13... Nxe5 14. dxe5
Bxb5 15. Nxb5 Qxd1 16. Rxd1 Nd5 $10) 14. Qf3 O-O 15. Rd1 Nxe5 (15... Rc8 16.
Be3 $1 a6 17. Be2 f5 18. Nxd7 Qxd7 19. d5 $16) (15... Qe8 16. Nxd7 Qxd7 17. d5
exd5 18. Nxd5 Nxd5 19. Rxd5 $14 {^^}) 16. dxe5 Qc7 (16... Qe8 17. Bxd7 (17.
Qxb7 Bxb5 18. Nxb5 Qxb5 19. Qxe7 Qxe5 $10) 17... Nxd7 18. Qxb7 Nxe5 19. Bf4 Ng6
20. Bc7 $14) 17. Qg3 Kh8 18. Bd3 (18. Bf4 $142) 18... f5 $1 19. exf6 Qxg3 20.
hxg3 gxf6 21. Be4 Bc6 (21... Rab8 22. Be3 Rfd8 $14) 22. Bxc6 $14 bxc6 23. b3
Rfd8 24. Bb2 Kg7 (24... h5 $5) 25. g4 Kf7 26. Rac1 Rxd1+ 27. Nxd1 c5 28. Ba3
Nd7 $6 (28... Rd8 $1 {/\Rd2<=>}) 29. Nc3 Ne5 30. f3 Rc8 31. Ne4 Rc6 32. Rc3 c4
$1 (32... Ra6 $2 33. Bxc5 Bxc5+ 34. Rxc5 Rxa2 35. g5 $1 $18 {_|_}) 33. bxc4
Rxc4 34. Rb3 Bxa3 35. Rxa3 Kg6 36. Ng3 (36. Rxa7 Nxg4) 36... Rc7 37. Ra6 Kf7
38. Ne4 Nc4 39. Kh2 Ke7 (39... h6 $142) 40. g5 $1 fxg5 (40... f5 $2 41. Nf6 h6
42. Ng8+ $16) 41. Nxg5 Nb6 42. Nxh7 $16 Kd6 43. Ng5 Rg7 44. Ne4+ Ke5 45. Nf2
Rh7+ 46. Kg3 Kd4 47. f4 $6 (47. Ra3 $1 {/\Rd3-e3 +/-}) 47... e5 $10 48. fxe5
Kxe5 49. Ra3 Kd4 50. Ng4 Nd5 51. Ra4+ Kc3 52. Ne5 Kb2 53. Nc4+ Kb1 54. Ra5 Nc3
55. a3 Ka2 56. Kf4 Rf7+ 57. Rf5 Nd5+ 58. Ke5 Rxf5+ 59. Kxf5 Kb3 60. Na5+ Kxa3
61. Ke5 Ne3 62. g3 Nf1 1/2-1/2